00857 a2200169 45000010006000000050017000060080041000230030015000640400040000790800056001192450018001752640041001933000019002345050377002531000020006307000037006502518620260407155535.0260407a1943 arg spa dAR-UNSa-BCEJYS aAR-UNSa-BCEJYSbspacAR-UNSa-BCEJYS a519.2xProbabilidades y estadística matemática 10aEstadística 1aMadrid :bRevista de Occidentec1943 a214 p.c18 cm. a1. Introducción - 2. La materia prima - 3. Ordenación y presentación de los datos - 4. Algunas tablas y diagramas importantes - 5. La expresión en números - 6. Las muestras - 7. Cómo se tiene en cuenta la suerte - 8. Las leyes estadísticas - 9. El razonamiento estadístico - 10. La estadística y los negocios - 11. La estadística y las demás ciencias1 aTippett, L.H.C.1 aAnós y Díaz de Arcaya, Angel